Núi Các Mác suối Lênin

Phải chuyển số PL về 324.2075092

保存先:
書誌詳細
第一著者: Ngọc Tự
フォーマット: 図書
言語:Undetermined
出版事項: Hà Nội QĐND 2001
主題:
タグ: タグ追加
タグなし, このレコードへの初めてのタグを付けませんか!
Thư viện lưu trữ: Trung tâm Học liệu Trường Đại học Cần Thơ
LEADER 00561nam a2200181Ia 4500
001 CTU_41671
008 210402s9999 xx 000 0 und d
082 |a 895.9223 
082 |b Ng419 
100 |a Ngọc Tự 
245 0 |a Núi Các Mác suối Lênin 
245 0 |c Ngọc Tự 
260 |a Hà Nội 
260 |b QĐND 
260 |c 2001 
520 |a Phải chuyển số PL về 324.2075092 
650 |a historical fiction, vietnamese,vietnamese literature - 20th century 
980 |a Trung tâm Học liệu Trường Đại học Cần Thơ